Statistics for Percy Jackson Character/Book Match

Click here to take the quiz!

General Stats

  • This quiz has been taken 114 times
  • The average score is 32 of 42

Answer Stats

HintAnswer% Correct
CLarrisePercy Jackson
95%
SallyPercy Jackson
95%
LukePercy Jackson
95%
GroverPercy Jackson
94%
AnnabethPercy Jackson
94%
PercyPercy Jackson
93%
JasonHeroes of Olympus
92%
FrankHeroes of Olympus
92%
ChironPercy Jackson
92%
HazelHeroes of Olympus
91%
SilenaPercy Jackson
90%
ThaliaPercy Jackson
90%
MagnusMagnus Chase
87%
BiancaPercy Jackson
87%
FestusHeroes of Olympus
86%
PiperHeroes of Olympus
86%
TysonPercy Jackson
86%
LeoHeroes of Olympus
85%
NicoPercy Jackson
85%
ReynaHeroes of Olympus
83%
OctavianHeroes of Olympus
81%
HedgeHeroes of Olympus
81%
ZoePercy Jackson
80%
ChrisPercy Jackson
78%
MegTrials of Apollo
77%
LesterTrials of Apollo
74%
CharlesPercy Jackson
73%
SadieKane Chronicles
72%
AlexMagnus Chase
70%
CarterKane Chronicles
69%
ZiaKane Chronicles
58%
HeartstoneMagnus Chase
58%
AmosKane Chronicles
57%
BlitzenMagnus Chase
56%
HyllaHeroes of Olympus
55%
EllaHeroes of Olympus
55%
JazKane Chronicles
53%
WaltKane Chronicles
50%
MalloryMagnus Chase
48%
SamirahMagnus Chase
43%
JuliusKane Chronicles
35%
NatalieMagnus Chase
34%

Score Distribution

Percentile by Number Answered

Percent of People with Each Score

Your Score History

You have not taken this quiz